00764 2200205 4500001002100000005001500021008004100036020001500077035001900092041000800111082001000119084001600129100001800145700000800163245004000171260003200211300003300243520026900276650001300545INLIS00000000000403420200508202541200508||||||||| | ||| |||| ||eng|| a0073530573 0010-0520004034 aeng0 a005.5 a005.5/JR./E0 aTroy A. Adair0 aJr.00aExcel Applications: for Investments aNew YorkbMcGraw Hillc2006 ax, 254 p.b: illus. ;c28 cm aThis book to assist in the addoption of spreadsheets into the finance classroom. It is intended to serve as either a supplement to a traditional, introductary text on investments or as a stand-alone text for a more advanced course on using spreadsheets in finance. 0aComputer